Catalog

Record Details

Catalog Search



Freiheit und Lebensgestaltung : ausgewählte Texte : Im Auftrage der Luther-Gesellschaft, hrsg. und teilweise neu übersetzt von Karl-Heinz zur Mühlen Cover Image Book Book

Freiheit und Lebensgestaltung : ausgewählte Texte : Im Auftrage der Luther-Gesellschaft, hrsg. und teilweise neu übersetzt von Karl-Heinz zur Mühlen

Record details

  • ISBN: 3525334869
  • Physical Description: 246 p. ; 19 cm.
  • Publisher: Göttingen : Vandenhoeck & Ruprecht, 1983
Subject: Liberty > Religious aspects > Christianity
Christian life > Lutheran authors

Available copies

  • 1 of 1 copy available at Common Catalog SPOK.

Holds

  • 0 current holds with 1 total copy.
Show Only Available Copies
Location Call Number / Copy Notes Barcode Shelving Location Status Due Date
Jabok Library ST-2.2 424480032494 Odborná literatura Available -

LDR 00811nam a22002173a 4500
00118884
003CZ-PrJAB
00520150416073018.0
007ta
008860218s1983 gw ||||| |||||||||||ger|d
020 . ‡a3525334869
035 . ‡a(CaOOAMICUS)000006145367
040 . ‡aCaOWTL ‡beng ‡cCaOONLB
050 4. ‡aBT810 ‡b.L88 1983
072 7. ‡a27-1/-2 ‡xKřesťanská teologie. Dogmatická teologie ‡2Konspek ‡95
1001 . ‡aLuther, Martin, ‡d1483-1546
24510. ‡aFreiheit und Lebensgestaltung : ‡bausgewählte Texte : Im Auftrage der Luther-Gesellschaft, hrsg. und teilweise neu übersetzt von Karl-Heinz zur Mühlen
260 . ‡aGöttingen : ‡bVandenhoeck & Ruprecht, ‡c1983
300 . ‡a246 p. ; ‡c19 cm.
4900 . ‡aKleine Vandenhoeck-Reihe ; ‡v1493
650 0. ‡aLiberty ‡xReligious aspects ‡xChristianity
650 0. ‡aChristian life ‡xLutheran authors
6530 . ‡asvoboda ‡aprotestantská teologie ‡akřesťanství ‡akřesťanský život
7001 . ‡aZur Möhlen, Karl-Heinz
910 . ‡aABG312
901 . ‡a18884 ‡b ‡c18884 ‡tbiblio

Additional Resources